01518nab a2200229 uc450000100070000000500170000700800410002403500110006503500210007604000130009704100080011010000390011824500750015752008170023265000230104965000350107265000300110765000240113777300980116194200100125999900190126986828620250219091710.0040327e20030705 eng  a868286 a(OCoLC)820102125 ccomduadb aeng10aTakenaga, Susumo4auteaut954111310aTheory of money of David Ricardo : quantity theory and theory of value3 aEn lo que es necesario enfatizar, al caracterizar la teoría cuantitativa de Ricardo, es en que ésta es una teoría de determinación del valor del dinero en una situación particular en la cual se impide que el dinero, sin importar cual sea su forma, entre y salga libremente de la circulación. Para Ricardo la regulación del valor del dinero por su cantidad es un caso particular en el cual el ajuste del precio de mercado al precio natural requiere un largo período de tiempo. En todo caso, la determinación del valor del dinero es vinculada rara vez a su teoría del valor de las mercancías. Contrario a la interpretación aceptada comúnmente, Ricardo no aplicó a la determinación del valor del dinero una teoría del valor distinta de aquella aplicada a las mercancías en general. 7aMoneda2lemb94507 aPensamiento económico919659 aTeoría del valor961843 aRicardo, David94590 tLecturas de Economía (Medellín)gNo. 59, Jul.-Dic. 2003, p. 73-126w6587x0120-259605331 cARIMP c311981d311981